banner koha

Resultados economicos do cultivo da soja - 1978/1979 [Glycine max; Projeto agricola; Rio Grande do Sul; Brasil] (Registro n. 271814)

MARC details
000 -LÍDER
campo de controle de tamanho fixo 01405nac a22003257a 4500
001 - NÚMERO DE CONTROLE
campo de controle BR8100099
003 - IDENTIFICADOR DO NÚMERO DE CONTROLE
campo de controle BR-BrBNA
005 - DATA E HORÁRIO DA ÚLTIMA TRANSAÇÃO
campo de controle 20240105114857.0
008 - CAMPO DE DADOS FIXOS--INFORMAÇÃO GERAL
campo de controle de tamanho fixo 230509b bl.|||m| |||| 00| 0 por d
040 ## - FONTE DA CATALOGAÇÃO
Instituição da catalogação original BR-BrBNA
Idioma da catalogação por
Instituição que transcreveu o registro Biblioteca Nacional de Agricultura
072 ## - CÓDIGO DE CATEGORIA DE ASSUNTO
Código de Categoria de Assunto E15; E30
090 ## - NÚMERO DE CHAMADA LOCAL
Número de chamada 0336 BR8100099
110 1# - ENTRADA PRINCIPAL--NOME CORPORATIVO
Nome corporativo ou nome da jurisdição Fundacao de Integracao, Desenvolvimento e Educacao do Noroeste do Estado, Ijui, RS (Brasil);
9 (RLIN) 4871
110 1# - ENTRADA PRINCIPAL--NOME CORPORATIVO
Nome corporativo ou nome da jurisdição Cooperativa Regional Triticola Serrana Ltda., Ijui, RS (Brasil)
9 (RLIN) 2917
245 1# - TÍTULO
Título Resultados economicos do cultivo da soja - 1978/1979 [Glycine max; Projeto agricola; Rio Grande do Sul; Brasil]
Restante do título Administracao rural. Projeto Cotri-Ceca
246 1# - FORMA VARIANTE DO TÍTULO
Título/título abreviado [Economic results from soybean crop 1978/1979 [Glycine max; Agricultural project; Rio Grande do Sul; Brazil]]
Restante do título [Rural administration. Cotri-Ceca project]
260 3# - PUBLICAÇÃO, DISTRIBUIÇÃO, ETC.
Local de publicação, distribuição, etc. Ijui, RS (Brasil):
Data da publicação, distribuição, etc. Feb 1980.
300 ## - DESCRIÇÃO FÍSICA
Extensão 42 p.
490 ## - TÍTULO DA SÉRIE
Título da série Estudos - Fundacao de Integracao, Desenvolvimento e Educacao do Noroeste do Estado (Brazil)
Número do volume ou designação sequencial da série no. 28
ISSN - International Standard Serial Number
500 ## - NOTA GERAL
Nota geral 5 graphs; 16 tables; Bibliography p. 38-42 (87 ref.)
650 ## - ASSUNTO--TERMO TÓPICO
Cabeçalho tópico ou nome geográfico Microeconomia
650 ## - ASSUNTO--TERMO TÓPICO
Cabeçalho tópico ou nome geográfico Projeto de desenvolvimento
650 ## - ASSUNTO--TERMO TÓPICO
Cabeçalho tópico ou nome geográfico Soja
650 ## - ASSUNTO--TERMO TÓPICO
Cabeçalho tópico ou nome geográfico Produtividade
650 ## - ASSUNTO--TERMO TÓPICO
Cabeçalho tópico ou nome geográfico Custo de producao
650 ## - ASSUNTO--TERMO TÓPICO
Cabeçalho tópico ou nome geográfico Projeto agricola
650 ## - ASSUNTO--TERMO TÓPICO
Cabeçalho tópico ou nome geográfico Rio Grande do Sul
909 ## -
-- 202312
-- Lúcia Elande
-- 55
-- Lúcia Elande
942 ## - ELEMENTOS DE ENTRADA ADICIONADOS (KOHA)
Fonte da classificação ou esquema de arquivamento na estante Classificação AGRIS
Ocultar no OPAC Não
Tipo de material Koha Monografia Seriada
Exemplares
Situação do descarte Fonte da classificação ou esquema de arquivamento na estante Situação física Não pode ser emprestado Coleção Biblioteca de origem Biblioteca atual Localização na estante Total de empréstimos Número de telefone completo Código de barras Data de último acesso Tipo de material Koha Fonte de aquisição
  Classificação AGRIS       Biblioteca Nacional de Agricultura - Binagri Biblioteca Nacional de Agricultura - Binagri Agrobase - Acervo Geral   0336 BR8100099 0336 BR8100099 18/12/2023 Monografia Seriada Portaria Interministerial nº 164/94

BINAGRI

Telefone: (61)3218-2567/2388/3357/2097 - binagri@agro.gov.br

Ministério da Agricultura e Pecuária , Esplanada dos Ministérios, Bloco D, Anexo B, Brasília/DF, CEP: 70.043-900